Squadre con più retrocessioni in Serie C - Statistics

Statistiche generali
  • Questo quiz è stato fatto 21 volte
  • Il punteggio medio è 12 su 19
Statistiche sulle risposte
Numero retrocessioni in Serie C Squadra % Corretto
6 Catania
89%
6 Palermo
89%
7 Como
83%
6 Vicenza
83%
7 Cremonese
78%
6 Padova
78%
7 Catanzaro
72%
6 Avellino
67%
9 Reggiana
67%
7 Foggia
61%
6 Parma
61%
6 Pescara
61%
6 Modena
56%
6 Salernitana
56%
7 SPAL
56%
6 Ancona
44%
7 Monza
44%
8 Taranto
33%
7 Prato
22%
Nessun quiz corrispondente trovato
Distribuzione punteggi
Percentuale di utenti per punteggio
Percentile per numero di risposta
I tuoi punteggi nel tempo
Non hai fatto questo quiz